| 000 | 01103cam a22002655a 4500 | ||
|---|---|---|---|
| 999 |
_c27142 _d27114 |
||
| 001 | 19249347 | ||
| 005 | 20190213143534.0 | ||
| 008 | 160825t2018 maua frb 000 0 eng d | ||
| 010 | _a 2016952399 | ||
| 020 | _a9781305387102 | ||
| 040 |
_aDLC _beng _cDLC _dEG-ScBUE |
||
| 082 | 0 | 4 |
_a621.4022 _bKRE _222 |
| 100 | 1 | _aKreith, Frank. | |
| 245 | 1 | 0 |
_aPrinciples of heat transfer / _cFrank Kreith, Raj M. Manglik. |
| 250 | _a8th ed. | ||
| 260 |
_aBoston, MA : _bCengage Learning, _cc.2018. |
||
| 300 |
_a1 v. (various pagings) : _bill. ; _c24 cm. |
||
| 520 | _aPrinciples of Heat Transfer was first published in 1959, and since then it has grown to be considered a classic within the field, setting the standards for coverage and organization within all other Heat Transfer texts. The book is designed for a one-semester course in heat transfer at the junior or senior level, however, flexibility in pedagogy has been provided. | ||
| 650 | 7 |
_aHeat _xTransmission. _2BUEsh |
|
| 651 | _2BUEsh | ||
| 653 |
_bENGGEN _cFebruary2019 |
||
| 655 | _vReading book | ||
| 700 | 1 | _aManglik, Raj M. | |
| 942 | _2ddc | ||